Desperate Housewives Characters Quiz Stats

 Plays Quiz not verified by Sporcle

Support Sporcle.
Go Orange.
Score 0/67 Timer 15:00
0 Plays Today
names % Correct
Marcia CrossBree Van De Kamp
95.7%
Felicity HuffmanLynette Scavo
94.2%
Eva LongoriaGabrielle Solis
92.8%
Teri HatcherSusan Delfino
91.3%
Doug SavantTom Scavo
85.5%
Ricardo Antonio ChaviraCarlos Solis
85.5%
Nicollette SheridanEdie Britt
84.1%
Steven CulpRex Van De Kamp
82.6%
Dana DelanyKatherine Mayfair
82.6%
Kyle MacLachlanOrson Hodge
81.2%
Andrea BowenJulie Mayer
81.2%
Brent KinsmanPreston Scavo
81.2%
Shane KinsmanPorter Scavo
81.2%
Joy LaurenDanielle Van De Kamp
79.7%
Shawn PyfromAndrew Van De Kamp
79.7%
Kendall ApplegatePenny Scavo
78.3%
Brenda StrongMary Alice Young
78.3%
James DentonMike Delfino
76.8%
Mark MosesPaul Young
76.8%
Richard BurgiKarl Mayer
75.4%
Zane HuettParker Scavo
75.4%
Daniella BaltodanoCelia Solis
75.4%
Mason Vale CottonMj Delfino
73.9%
Alfre WoodardBetty Applewhite
73.9%
Kathryn JoostenKaren McCluskey
72.5%
Drea de MatteoAngie Bolen
72.5%
Jesse MetcalfeJohn Rowland
71%
Christine EstabrookMartha Huber
71%
Cody KaschZach Young
71%
Vanessa WilliamsRenee Perry
71%
Harriet Sansom HarrisFelicia Tilman
68.1%
Lyndsy FonsecaDylan Mayfair
68.1%
Neal McDonoughDave Williams
66.7%
Maiara WalshAna Solis
63.8%
names % Correct
Roger BartGeorge Williams
62.3%
Pat Crawford BrownIda Greenberg
62.3%
Nathan FillionAdam Mayfair
62.3%
Beau MirchoffDanny Bolen
60.9%
Jeffrey NordlingNick Bolen
59.4%
Mehcad BrooksMatthew Applewhite
58%
Page Kennedy/NaShawn KearseCaleb Applewhite
56.5%
Dixie CarterGloria Hodge
50.7%
Tuc WatkinsBob Hunter
49.3%
Valerie MahaffeyAlma Hodge
47.8%
Kevin RahmLee McDermott
47.8%
Dougray ScottIan Hainsworth
46.4%
John SlatteryVictor Lang
46.4%
Orson BeanRoy Bender
44.9%
Kiersten WarrenNora Huntington
43.5%
John BarrowmanPatrick Logan
42%
Laurie MetcalfCarolyn Bigsby
39.1%
Gwendoline YeoXiao-Mei
36.2%
Gary ColeWayne Davis
34.8%
Lesley Ann WarrenSophie Bremmer
33.3%
Rachel G. FoxKayla Huntington Scavo
31.9%
Julie BenzRobin Gallagher
30.4%
Harriet Sansom HarrisJackson Braddock
30.4%
Polly BergenStella Wingfield
23.2%
Kathleen YorkMonique Polier
23.2%
Jake CherryTravers McLain
21.7%
Shirley KnightPhyllis Van De Kamp
21.7%
Stephen LunsfordTravers McLain
21.7%
Sharon LawrenceMaisy Gibbons
20.3%
Lupe OntiverosJuanita 'Mama' Solis
18.8%
Marie CaldareLila Dash
17.4%
Jay HarringtonDr. Ron McCready
14.5%
Madison De La GarzaJuanita Solia
11.6%

You're not logged in!

Compare scores with friends on all Sporcle quizzes.
OR
Log In

From the Vault

Ben 10 Aliens by Picture

by THEJMAN

It started when an alien device did what it did / And stuck itself upon his wrist with secrets that it hid / Now he's got super powers, he's no ordinary kid / He's Ben 10!
Remove Ads.
Support Sporcle.
Get the best of Sporcle when you Go Orange. This ad-free experience offers more features, more stats, and more fun while also helping to support Sporcle. Thank you for becoming a member.

Show Comments

Extras

Created Mar 11, 2011ReportNominate
Tags:Character, Desperate, Housewife

Top Quizzes Today


Score Distribution

Your Account Isn't Verified!

In order to create a playlist on Sporcle, you need to verify the email address you used during registration. Go to your Sporcle Settings to finish the process.

Report this User

Report this user for behavior that violates our Community Guidelines.

Details: